01283 2200265 45000010005000000100015000050900009000200990009000291000041000381010008000791020007000872000077000942100049001712150039002202250038002593300325002976060046006226060046006687000042007147020034007568010038007908010014008288300008008429950167008509457 a2264001364 a9457 tLIVR a19770607d1977 m y0frey50 ba0 afre aFR1 aLe Signifiant imaginairebLIVRePsychanalyse et CinémafChristian Metz aPariscUnion générale d'éditionsd1977 a370 p.ccouv. ill. en coul.d18 cm a10-18 v1134fChristian Bourgois  aLe cinéma comme institution du signifiant: d'emblée historique, et pas seulement par ses « contenus ». La machine-cinéma dans l'imaginaire et dans la symbolique d'une civilisation. Appareils: psychique, optique. Jeux de miroirs (décalés). Vers une seconde « sémiologie », ou le sens comme opération. 311965199aSémiotique et cinéma925743 311970727aPsychanalyse et cinéma925744 312306614aMetzbChristian4070925745 4440aBernard bPierre 925746 0aFRbFR-751131015c19770607gAFNOR 0aTNb32Bis aABA 10203052026-02-1997466b32BISc32BISeSalle de lecturef007242i2026-02-19j7161k791.43 MET o0rLIVRs791_430000000000000_METuDépôt MABw0y2026-02-19l